Arvaa Eppu Normaalin biisi ensimäisistä sanoista - Statistics

Yleistilastot
  • Tätä visaa on pelattu 123 kertaa
  • Keskiarvotulos 8 / 15
Vastaustilastot
Sanat Biisi % Oikein
Tiedän että on yö,kun saavut kotiisi pimeään Tahroja paperilla
93%
Mua puri baarikärpänen mut miksi suremaan Baarikärpänen
85%
Syyttömänä syntymään sattui hän Murheellisten laulujen maa
83%
Kun olet poissa ja makaan yksin veren kohinaa kuunnellen Kun olet poissa
75%
Suru soittaa mielen mustin koskettimin Kitara,taivas ja tähdet
65%
Meillä on maailma ja tuulet sen Joka päivä ja joka ikinen yö
61%
Ei aika mua säästä ja sadan vuoden päästä Sadan vuoden päästäkin
50%
Aika täällä maanpäällä ylitsemme ajaa Linnunradan laidalla
49%
Beibe,rakastan sua syvästi Njet njet
49%
Kylven ilossa,asun voikilossa Puhtoinen lähiöni
48%
Tienpäällä kiidän jossain Tien päällä taas
35%
Hänen kanssaan muuten selviä en Balladi kaiken turhuudesta
28%
Vallankumous alakuppilassa Vanha kellarissa valittaa
28%
Mä filmin kelasin,päivä kirjaa selasin taaksepäin Hiljaa huomiseen
27%
Pimeytyvä taivas hehkuu ja maa Ei sankariainesta
25%
Ehtoja vastaavia visoja ei löytynyt
Tulosjakauma
Jokaisen tuloksen saaneiden osuus
Persentiili vastausten määrän mukaan
Tuloshistoriasi
Et ole pelannut tätä visaa